00325nam a2200109Ia 4500008004100000082001200041100002300053245008500076250002500161260000900186300002000195190415s9999 xx 000 0 und d aTD.0147 aD'Souza, Nelson P. 0aRelationship between quality of work life and employee commitment : A comparativ aTata Institute of So c1990 a163p. + C D -19